[Event "Las Americas U1800 U14 rapid op"]
[Site "Tornelo INT"]
[Date "2023.01.14"]
[Round "2"]
[White "Velasquez Cabrera, Cristian Mateo"]
[Black "Villalta Rodriguez, Javier Alberto"]
[Result "1/2-1/2"]
[WhiteElo "1122"]
[BlackElo "1173"]
[PlyCount "112"]
[EventDate "2023.01.14"]
[EventType "swiss (rapid)"]
[EventRounds "7"]
[EventCountry "VEN"]
[SourceTitle "CBM 212 Extra"]
[Source "ChessBase"]
[SourceDate "2023.03.31"]
[SourceVersion "1"]
[SourceVersionDate "2023.03.31"]
[SourceQuality "1"]

1. b3 e6 2. Bb2 d5 3. Nf3 Nf6 4. e3 c5 5. c4 Nc6 6. d4 Be7 7. Be2 0-0 8. 0-0 Nd7 9. Nc3 cxd4 10. Nxd4 Nxd4 11. Qxd4 Bf6 12. Qd2 Nb6 13. cxd5 Nxd5 14. Nxd5 Bxb2 15. Qxb2 Qxd5 16. Rfd1 Qc6 17. Rac1 Qb6 18. Qc3 Rd8 19. Rxd8+ Qxd8 20. Qc7 Bd7 21. Qxd8+ Rxd8 22. Rd1 Kf8 23. Bb5 Ke7 24. Rxd7+ Rxd7 25. Bxd7 Kxd7 26. Kf1 Kc6 27. Ke2 Kb5 28. a3 a5 29. Kd3 a4 30. Kc3 axb3 31. Kxb3 Ka5 32. a4 f5 33. f4 h5 34. h4 g6 35. g3 b6 36. Ka3 b5 37. axb5 Kxb5 38. Kb3 Kc5 39. Kc3 Kd5 40. Kd3 e5 41. fxe5 Kxe5 42. Ke2 Kf6 43. Kf2 g5 44. Kf3 gxh4 45. gxh4 Ke5 46. Ke2 Ke4 47. Kf2 f4 48. exf4 Kxf4 49. Kg2 Kg4 50. Kh2 Kxh4 51. Kg2 Kg4 52. Kh1 h4 53. Kg2 h3+ 54. Kh2 Kh4 55. Kg1 Kg3 56. Kh1 h2 1/2-1/2